Blended Scotch Whisky Served At Conor O'Neill's Quiz Stats

 Plays Quiz not verified by Sporcle

Also try: Candy!!!
Challenge
Share
Tweet
Embed
Score 0/7 Timer 00:30
0 Plays Today
Answer % Correct
Chivas Regal 12
73.5%
J&B
73.5%
Johnnie Walker Black Label
70.6%
Chivas Regal 18
67.6%
The Famous Grouse
67.6%
Johnnie Walker Red Label
58.8%
Dewar's White Label
35.3%

You're not logged in!

Compare scores with friends on all Sporcle quizzes.
OR
Log In

You Might Also Like...

Show Comments

Extras

Created Apr 28, 2014ReportNominate
Tags:conor, oneill, scotch, served

Top Quizzes Today


Score Distribution

Your Account Isn't Verified!

In order to create a playlist on Sporcle, you need to verify the email address you used during registration. Go to your Sporcle Settings to finish the process.

Report this User

Report this user for behavior that violates our Community Guidelines.

Details: